000 01349nam a2200289 i 4500
001 10377
003 KOSZ 005
005 20180420130512.0
008 970510s1992 pl a f f |000 0 pol
015 _aPB 7705/93
040 _aWA N
_cBPK
_bKOSZ 005/EG
080 _a62:004.4
080 _a(075.8)
100 1 _aTARNOWSKI, Wojciech.
_bWyższa Szkoła Inżynierska w Koszalinie - Wydział Mechaniczny,
_cZakład Maszyn Przemysłu Spożywczego
_d1986 - 1996.
245 1 0 _aKomputerowe wspomaganie projektowania /
_cWojciech Tarnowski, Tomasz Kiczkowiak.
260 _aKoszalin :
_bWydaw. Uczelniane WSI,
_c1992.
300 _a316 s. :
_brys., wykr. ;
_c23 cm.
490 1 _aSkrypty / Wyższa Szkoła Inżynierska w Koszalinie.
504 _aBibliogr. przy rozdz.
521 _aSkrypt Wydz. Mechanicznego do przedmiotu Komputerowe wspomaganie projektowania.
650 0 _aProjektowanie komputerowe.
655 0 _aPodręczniki akademickie.
700 1 _aKICZKOWIAK, Tomasz.
_bWyższa Szkoła Inżynierska w Koszalinie - Instytut Konstrukcji i Eksploatacji Maszyn,
_cZakład Maszyn Przemysłu Spożywczego
_d1978 - 1996.
830 _aSkrypty - Wyższa Szkoła Inżynierska w Koszalinie.
856 _uhttp://koha.tu.koszalin.pl/cgi-bin/koha/opac-detail.pl?biblionumber=24342
_yKatalog online BPK
942 _2UKD
_cKS
999 _c10377
_d10377